000
00314nam a2200121 a 4500
005
20140414131925.0
008
101027s19uu xx 00 eng d
050
_a
ER
_b
W72 1984
100
_a
Gilden, Mel
245
_a
Win one for bumblelion.
260
_a
Rhode Island :
_b
Hasbro Bradley,
_c
1984.
999
_c
111939
_d
111939